000 00663nam a2200229Ia 4500
003 OSt
005 20220923225925.0
006 a|||||r|||| 00| 0
007 ta
008 Pun
024 _a275,909
037 _cTextual
040 _aARTS
_cARTS
_bPun
041 _2Pun
_aPun
082 _aO153,1NSA1:g, L5
100 _aਸਿੰਘ, ਗੁਰਦੇਵ
_9156291
245 0 _aਹਮਦਰਦ ਦੀ ਫ਼ਗ਼ਲ ਦਾ ਆਲੋਚਨਾਤਮਕ ਅਧਿਐਨ
260 _c1975
650 _aਪੰਜਾਬੀ ਸਾਹਿਤ
942 _hO153,1NSA1:g, L5
_cTEXL
_2CC
999 _c381343
_d381343